Review of Clinical Pharmacology and Pharmacokinetics (Record no. 9123)
[ view plain ]
| 000 -LEADER | |
|---|---|
| fixed length control field | 01246cam a22001934a 4500 |
| 005 - ΗΜΕΡΟΜΗΝΙΑ ΚΑΙ ΩΡΑ ΤΕΛΕΥΤΑΙΑΣ ΕΝΗΜΕΡΩΣΗΣ | |
| Πεδίο ελέγχου | 20250605164354.0 |
| 008 - FIXED-LENGTH DATA ELEMENTS--GENERAL INFORMATION | |
| Πεδίο ελέγχου σταθερού μήκους | 250528s ||||||||||||||||||||||||d |
| 035 ## - SYSTEM CONTROL NUMBER | |
| System control number | 24230 |
| 040 ## - ΠΗΓΗ ΚΑΤΑΛΟΓΟΓΡΑΦΗΣΗΣ | |
| Φορέας πρωτότυπης καταλογογράφησης | MC Athens Campus Library |
| Γλώσσα καταλογογράφησης | Ελληνικά, Μοντέρνα (1453-) |
| Modifying agency | MC Athens Campus Library |
| Κανόνες περιγραφικής καταλογογράφησης | AACR2 |
| 245 1# - ΤΙΤΛΟΣ ΚΑΙ ΔΗΛΩΣΗ ΥΠΕΥΘΥΝΟΤΗΤΑΣ | |
| Τίτλος | Review of Clinical Pharmacology and Pharmacokinetics |
| 260 ## - PUBLICATION, DISTRIBUTION, ETC. | |
| Name of publisher, distributor, etc. | International Edition, |
| Date of publication, distribution, etc. | 2018 |
| 300 ## - PHYSICAL DESCRIPTION | |
| Extent | 66 |
| 520 ## - SUMMARY, ETC. | |
| Summary, etc. | The Brexit Impact on UK Pharmaceutical Industry, Characteristics of Spontaneous Multiple Pregnancy in a Cohort of Greek Women during a Period of Twenty Years, New Strategies in Cosmetic Tattoo (Permanent Make up) and Tattoo Removal, Manosmed University's Risk Factor Calculator for Female Breast Cancer: Preliminary Data, Facial Deformities and Their Repair by the Aestheticians, An Evaluation of Winters Moist Wound Healing Theory and How it has Influenced Modern Day Practice, Characteristics of Spontaneous Multiple Pregnancy in a Cohort of Greek Women during a Period of Twenty Years, The Contribution of Spectroscopic Methods for the Characterization of Inflammatory Lesions in Acne and in Aesthetic and Dermatology Practice. |
| 700 1# - ΠΡΟΣΘΕΤΗ ΑΝΑΓΡΑΦΗ--ΦΥΣΙΚΟ ΠΡΟΣΩΠΟ | |
| Personal name | Plessas Charalampos T |
| 9 (RLIN) | 9426 |
| 700 1# - ΠΡΟΣΘΕΤΗ ΑΝΑΓΡΑΦΗ--ΦΥΣΙΚΟ ΠΡΟΣΩΠΟ | |
| Personal name | Plessas Stavros T |
| 9 (RLIN) | 9427 |
| 942 ## - ADDED ENTRY ELEMENTS (KOHA) | |
| Koha item type | Περιοδικά Δημοσιεύματα |
| Τύπος τεκμηρίου | Βιβλιοθήκη | Τρέχουσα τοποθεσία | Barcode | Ημερομηνία απόκτησης | Ταξιθετικό σύμβολο | Αριθμός αντιτύπου | Αρίθμηση σειρών / χρονολογία | Κατάσταση απόσυρσης | Κατάσταση χαμένου | Κατάσταση κατεστραμμένου | Μη δανεισμός | Σύνολο δανεισμών | Ημερομηνία τελευταίας εμφάνισης | Η τιμή ισχύει από |
|---|---|---|---|---|---|---|---|---|---|---|---|---|---|---|
| Περιοδικά Δημοσιεύματα | MC Athens Campus Library | MC Athens Campus Library | 9780000091222 | 05/06/2025 | PHYSIOTHERAPY JOURNALS | 1 | 32 | 05/06/2025 | 05/06/2025 |